Geograficzne prawda fałsz. - Statystyki

Ogólne statystyki
  • Ten quiz został rozwiązany 72 razy
  • Średni wynik to 11 z 15
Statystyki odpowiedzi
Zagadnienie Odpowiedź % Poprawnych
Niemcy mają większą powierzchnię niż jakikolwiek ich sąsiad Fałsz
100%
Około połowa powierzchni Turcji znajduję się w Europie Fałsz
100%
PRL posiadał granicę z RFN Fałsz
100%
Powierzchnia Islandii to około 1/3 wielkości Polski Prawda
100%
Państwami Bałtyckimi określa się Łotwę, Litwę i Estonię Prawda
100%
II RP była mniejsza od III RP (pod względem powierzchni) Fałsz
67%
Największym państwem śródlądowym w Europie są Węgry Fałsz
67%
Finlandia była członkiem Bloku Wschodniego Fałsz
67%
Rosja Graniczy z Norwegią Prawda
67%
Polska ma większa populacje niż Węgry,Czechy,Austria i Słowacja razem wzięte Prawda
67%
Polska jest większa od Włoch pod względem powierzchni Prawda
67%
Piła to jedno z miast odzyskanych po II wojnie światowej Prawda
67%
Ukraina to największe państwo położone całkowicie w Europie Prawda
67%
Maroko posiada skrawek ziemi w Europie Fałsz
33%
Dania graniczy tylko z jednym państwem Prawda
0%
Nie znaleziono quizów pasujących do podanych kryteriów
Rozkład punktacji
Procent ludzi z każdym wynikiem
Percentyl według liczby udzielonych odpowiedzi
Twoja historia wyników
Nie rozwiązałeś tego quizu